000
00252nam a22001097a 4500
041
_a
ENG
245
_a
Penntap And The Pennsylvania State University Present
260
_a
Delhi
_b
Spring.
_c
1969
300
_a
143
650
_a
GAE (15)
856
_u
GAE (15)
999
_c
2985
_d
2985